Hämatologie: Normwerte - Statistiken

Allgemein
  • Dieses Quiz wurde 4 mal gespielt
    2 seit der letzten Aktualisierung
  • Das Durchschnittsergebnis liegt bei 25 aus 29
Antwortstatistiken
Hint Antwort % Korrekt
BASO % 0 - 1 %
100%
PCT 0,11 - 0,29 %
100%
HB Frau 12 - 15 g/dl
100%
HB Mann 13 - 17 g/dl
100%
EO % 1 - 4 %
100%
LYMPH # 1500 - 3000 μl
100%
PLT 150 - 350 G/l
100%
BASO # 15 - 50 /μl
100%
LYMPH % 25 - 45 %
100%
MCH 28 - 33 pg
100%
MONO # 285 - 500 /μl
100%
SEG # 3000 - 5800 /μl
100%
MCHC 32 - 36 g/dl
100%
HK Frau 36 - 46 %
100%
MONO % 3 - 7 %
100%
HK Mann 41 - 53 %
100%
RBC Frau 4,3 +- 0,5 T/l
100%
WBC 4 - 9 G/l
100%
RET # 50 - 100 G/l
100%
EO # 50 - 250 /μl
100%
RBC Mann 5 +- 0,5 T/l
100%
SEG % 50 - 70 %
100%
RET % 5 - 20 %
100%
MCV 80 - 96 fl
100%
PDW 9 - 14 fl
100%
RDW-CV 11 - 15,5 %
0%
STAB # 150 - 400 /μl
0%
STAB % 3 - 5 %
0%
MPV 8 - 12 fl
0%
Keine übereinstimmenden Quizze gefunden
Verteilung der Resultate
Anzahl Personen mit jedem Resultat
Perzentil nach korrekt beantworteten Fragen
Ihre Resultats-Entwicklung
Sie haben dieses Quiz seit der letzten Aktualisierung nicht gespielt